| 000 | 00379nam a2200145Ia 4500 | ||
|---|---|---|---|
| 008 | 231129s1979||||xx |||||||||||||| ||spa|| | ||
| 020 | _a84-255-0538-0 | ||
| 040 | _bspa | ||
| 082 | _a796.352 S257g | ||
| 100 | _aSaunders Vivien | ||
| 245 | 0 | _aEl golf: desde la juventud | |
| 260 | _c1979 | ||
| 264 | _aHispano Europea | ||
| 942 |
_2ddc _cBKS |
||
| 999 |
_c11157 _d11157 |
||